Top 10 musiques des Black Eyed Peas - Statistiques

Statistiques générales
  • Ce quiz a été pris 83 fois
  • Le résultat moyen est 3 sur 10
Statistiques - réponses
Hint Réponse % Correct
5 I Gotta Feeling
81%
9 Pump It
64%
8 Boom Boom Pow
47%
2 Where Is The Love
36%
1 Let’s Get It Started
28%
3 Shut Up
25%
7 My Humps
23%
4 Don’t Phunk With My Heart
11%
10 Imma Be
11%
6 Don’t Lie
8%
Aucun quiz correspondant
Distribution des résultats
% des personnes avec chaque résultat
Percentile par nombre de réponses
Votre historique - résultats
Vous n’avez pas pris ce quiz